<?xml version="1.0" encoding="UTF-8"?>
<record
    xmlns:xsi="http://www.w3.org/2001/XMLSchema-instance"
    xsi:schemaLocation="http://www.loc.gov/MARC21/slim http://www.loc.gov/standards/marcxml/schema/MARC21slim.xsd"
    xmlns="http://www.loc.gov/MARC21/slim">

  <leader>01152nam a22001697a 4500</leader>
  <controlfield tag="003">IT-RoPau</controlfield>
  <controlfield tag="005">20220918181222.0</controlfield>
  <controlfield tag="008">141004b        xxu||||| |||| 00| 0 eng d</controlfield>
  <datafield tag="040" ind1=" " ind2=" ">
    <subfield code="c">IT-RoPau</subfield>
  </datafield>
  <datafield tag="100" ind1=" " ind2=" ">
    <subfield code="a">Istituto Regina Apostolorum (Apostoline)</subfield>
    <subfield code="9">33988</subfield>
  </datafield>
  <datafield tag="245" ind1=" " ind2=" ">
    <subfield code="a">Se vuoi... - 1971</subfield>
    <subfield code="b">Vieni e seguimi</subfield>
  </datafield>
  <datafield tag="260" ind1=" " ind2=" ">
    <subfield code="a">Castelgandolfo (Roma)</subfield>
    <subfield code="b">Istituto Regina Apostolorum (Apostoline)</subfield>
    <subfield code="c">1971</subfield>
  </datafield>
  <datafield tag="300" ind1=" " ind2=" ">
    <subfield code="c">18,5 cm</subfield>
  </datafield>
  <datafield tag="490" ind1=" " ind2=" ">
    <subfield code="a">Se vuoi...</subfield>
    <subfield code="v">Anno XII - 1971</subfield>
  </datafield>
  <datafield tag="520" ind1=" " ind2=" ">
    <subfield code="a">Indice
Anno XII &#x2013; n. 1
G. V. &#x2013; G. Roatta &#x2013; G. Zoffoli &#x2013; L. F. &#x2013; G. Clementel &#x2013; B. Giordano &#x2013; G. Leclos
Anno XII &#x2013; n. 2
G. Verani &#x2013; G. Roatta &#x2013; p. Secondo da Torino &#x2013; G. Zoffoli &#x2013; G. Clementel &#x2013; B. Cadorin &#x2013; Sally Trench
Anno XII &#x2013; n. 3
G. Verani &#x2013; G. Roatta &#x2013; G. Zoffoli &#x2013; G. Clementel &#x2013; L. F. &#x2013; B. Cadorin &#x2013; G. Barra &#x2013; G. Finlandia
Anno XII &#x2013; n. 4
G. Zoffoli &#x2013; Richard - B. Cadorin &#x2013; G. Cesbron &#x2013; G. Gravelle
Anno XII &#x2013; n. 5
G. Verani &#x2013; Paolo VI &#x2013; G. Zoffoli &#x2013; L. F. &#x2013; B. Cadorin
Anno XII &#x2013; n. 6
G. Verani &#x2013; G. Raotta &#x2013; G. Zoffoli &#x2013; L. F. &#x2013; G. Clementel &#x2013; B. Cadorin &#x2013; E. Bianco 
</subfield>
  </datafield>
  <datafield tag="942" ind1=" " ind2=" ">
    <subfield code="2">ddc</subfield>
    <subfield code="c">BK</subfield>
  </datafield>
  <datafield tag="999" ind1=" " ind2=" ">
    <subfield code="c">104510</subfield>
    <subfield code="d">104510</subfield>
  </datafield>
  <datafield tag="952" ind1=" " ind2=" ">
    <subfield code="0">0</subfield>
    <subfield code="1">0</subfield>
    <subfield code="2">ddc</subfield>
    <subfield code="4">0</subfield>
    <subfield code="6">P_E2</subfield>
    <subfield code="7">1</subfield>
    <subfield code="a">PAULUS</subfield>
    <subfield code="b">PAULUS</subfield>
    <subfield code="d">2014-10-04</subfield>
    <subfield code="l">0</subfield>
    <subfield code="o">P E2</subfield>
    <subfield code="r">2014-10-04 00:00:00</subfield>
    <subfield code="w">2014-10-04</subfield>
    <subfield code="y">BK</subfield>
  </datafield>
</record>
